Diccionario Pocket Español Francés (Registro nro. 4723)
[ vista simple ]
| 000 -Cabecera | |
|---|---|
| Campo de control de longitud fija | 00436aam a2200181 4500 |
| 005 - Fecha y hora de la última transacción | |
| Campo de control | 20250219123514.0 |
| 008 - Elementos de longitud fija--Información general | |
| Campo de control de longitud fija | 150416b2006 xxu||||| |||| 00| 0 spa d |
| 041 ## - Idioma | |
| Código de idioma | Español |
| -- | Francés |
| 082 ## - Clasificación Decimal Dewey | |
| Número de clasificación | R 443 D545d4 |
| 245 ## - Título propiamente dicho | |
| Título | Diccionario Pocket Español Francés |
| 250 ## - Edición | |
| Mención de edición | 4 edición |
| 260 ## - Pie de imprenta | |
| Lugar de publicación, distribución, etc. | México |
| Nombre del editor, distribuidor, etc. | Larousse |
| 300 ## - Descripción física | |
| Extensión | 366 páginas |
| 650 ## - Materia general | |
| Temática (materia general) | FRANCÉS |
| 650 ## - Materia general | |
| Temática (materia general) | ESPAÑOL |
| 650 ## - Materia general | |
| Temática (materia general) | DICCIONARIO |
| 942 ## - Punto de acceso adicional KOHA | |
| Tipo de ítem KOHA | Referencia |
| Fuente del sistema de clasificación o colocación | Dewey Decimal Classification |
| Signatura completa | Código de barras | Tipo de ítem |
|---|---|---|
| R 443 D545d4 | 13399 | Referencia |